000 00324nam a2200121 a 4500
005 20141022142004.0
008 100826s19uu xx 00 eng d
050 _aVCD
_bB72 2004
245 _aBreastfeeding :
_bprotecting a natural resources.
650 _aVCD NUR
650 _aProtecting a natural resource
942 _cAVM
999 _c276420
_d276420